• 首页
  • 本馆介绍
  • 公告通知
  • 最新文献
  • 馆藏检索
  • 电子资源
  • 读者导购
  • 参考咨询
  • 我的图书馆
  • 登录
  • 详细信息显示
  • 放入我的书架
  • 预约/预借图书
  • 作者相关作品
  • 分类相关作品
  • 丛书相关作品
  • 出版社相关作品

书目信息

  • 表格格式
  • 工作单格式
  • 卡片格式
题名:
百货商品基础知识
    
 
作者: ;上海百货采购供应站 编
分册:  
出版信息: 上海   上海科学技术出版社  1983
页数: 307页
开本: 19cm
丛书名:
单 册:
中图分类: F76
科图分类:
主题词: 商品学--基本知识
电子资源:
ISBN:
000 00687nam0 2200241 45
001 0183009563
005 20040429165127.1
010    @dCNY0.92
091    @a15119.2267
100    @a19950312d1983 em y0chiy0121 ea
101 0  @achi
102    @aCN@b310000
105    @ay z 000yy
106    @ar
200 10 @a百货商品基础知识@Abai huo shang pin ji chu zhi shi@f上海百货采购供应站编
210    @a上海@c上海科学技术出版社@d1983
215    @a307页@d19cm
606    @a商品学@x基本知识
690    @aF76@v3
711 02 @a上海百货采购供应站@Ashang hai bai huo cai gou gong ying zhan@4编
801  0 @aCN@b上海图书馆@c20040429
801  2 @aCN@bNLC@c20040429
905    @f1@b104568@dF76@e4
    
    百货商品基础知识/上海百货采购供应站编.-上海:上海科学技术出版社,1983
    307页;19cm
    
    
    ISBN :CNY0.92
    
●
相关链接 在E读中查询图书 在五车中查询图书 在当当中查询图书 在豆瓣中查询图书


正题名:百货商品基础知识     索取号:F76/4         预约/预借

序号 登录号 条形码 馆藏地/架位号 状态 备注
1 0104568   000489705   第一借阅区/ [索取号:F76/4] 在馆    
2 0104569   000489698   第一样本阅览室/ [索取号:F76/4] 在馆    
唐山师范学院图书馆 欢迎您!
大连网信软件有限公司© 版权所有